书目信息 |
| 题名: |
如何实施电话调查
|
|
| 作者: | 鲍克 , 菲尔德 著 ;郭江山 译 | |
| 分册: | ||
| 出版信息: | 北京 中国劳动社会保障出版社 2004 |
|
| 页数: | 365页 | |
| 开本: | 20cm | |
| 丛书名: | 调研工具箱丛书 | |
| 单 册: | ||
| 中图分类: | C3 | |
| 科图分类: | ||
| 主题词: | 电话--调查方法 , 社会科学--研究方法 | |
| 电子资源: | ||
| ISBN: | 7-5045-4517-1 | |
| 000 | 01206oam2 2200337 450 | |
| 001 | 05002724941 | |
| 005 | 20051223095645.32 | |
| 010 | @a7-5045-4517-1@dCNY26.00 | |
| 092 | @aCN | |
| 100 | @a20050221d2004 ekmy0chiy0120 ea | |
| 101 | 1 | @achi@ceng |
| 102 | @aCN@b110000 | |
| 105 | @ay az 000yy | |
| 200 | 1 | @a如何实施电话调查@9ru he shi shi dian hua diao cha@d= How to Conduct Telephone Surveys@f(美)琳达·B·鲍克,(美)伊夫·P·菲尔德著@F(mei)lin da·B·bao ke,(mei)yi fu·P·fei er de zhu@g郭江山译@zeng |
| 210 | @a北京@c中国劳动社会保障出版社@d2004 | |
| 215 | @a365页@d20cm | |
| 225 | 2 | @a调研工具箱丛书@v4 |
| 305 | @a原版为第2版,中文译文版为第1版 | |
| 320 | @a有书目 | |
| 330 | @a本书旨在阐述如何开展和管理电话调查工作,着重阐明纸笔调查方法,以及如何整理访谈结果以便进行分析,涉及电话资料收集方法及各种方法的适用情境等。 | |
| 461 | 0 | @12001 @a调研工具箱丛书 |
| 510 | 1 | @aHow to Conduct Telephone Surveys@zeng |
| 606 | 0 | @a电话@x调查方法 |
| 606 | 0 | @a社会科学@x研究方法 |
| 690 | @aC3@v4 | |
| 701 | 0 | @a鲍克@Abao ke@4著 |
| 701 | 0 | @a菲尔德@Afei er de@4著 |
| 702 | 0 | @a郭江山@9guo jiang shan@4译 |
| 801 | 0 | @aCN@bNLC@c20051223 |
| 905 | @a10447@dC3@e167:4 | |
| 999 | @aHSJ | |
| 如何实施电话调查= How to Conduct Telephone Surveys/(美)琳达·B·鲍克,(美)伊夫·P·菲尔德著/郭江山译.-北京:中国劳动社会保障出版社,2004 |
| 365页;20cm.-(调研工具箱丛书;4) |
| ISBN 7-5045-4517-1:CNY26.00 |
| 本书旨在阐述如何开展和管理电话调查工作,着重阐明纸笔调查方法,以及如何整理访谈结果以便进行分析,涉及电话资料收集方法及各种方法的适用情境等。 |
| ● |
| 相关链接 |
|
|
|
|
正题名:如何实施电话调查
索取号:C3/167:4
 
预约/预借
| 序号 | 登录号 | 条形码 | 馆藏地/架位号 | 状态 | 备注 |
| 1 | 0372306 | 203723060 | 第一样本阅览室/ [索取号:C3/167:4] | 在馆 | |
| 2 | 0372307 | 203723079 | 第一借阅区/ [索取号:C3/167:4] | 在馆 | |
| 3 | 0372308 | 203723088 | 第一借阅区/ [索取号:C3/167:4] | 在馆 | |
| 4 | 0372309 | 203723097 | 第一借阅区/ [索取号:C3/167:4] | 在馆 | |
| 5 | 0372310 | 203723104 | 第一借阅区/ [索取号:C3/167:4] | 在馆 | |
| 6 | 0372311 | 203723113 | 第一借阅区/ [索取号:C3/167:4] | 在馆 |